Original journals of the Lewis & Clark Expedition. (Record no. 116309)
[ view plain ]
| 000 -LEADER | |
|---|---|
| fixed length control field | 02047nam a2200433 a 4500 |
| 100 1# - MAIN ENTRY--AUTHOR NAME | |
| Personal name | Lewis, Meriwether, |
| 245 10 - TITLE STATEMENT | |
| Title | Original journals of the Lewis & Clark Expedition. |
| 260 ## - PUBLICATION, DISTRIBUTION, ETC. (IMPRINT) | |
| Place of publication | Scituate, Mass. : |
| Name of publisher | Digital Scanning, Inc., |
| Year of publication | 2001. |
| 300 ## - PHYSICAL DESCRIPTION | |
| Number of Pages | 2 v. in 1 : |
| Other physical details | ill., map, port. |
| 490 0# - SERIES STATEMENT | |
| Series statement | Original journals of the Lewis and Clark expedition ; |
| 500 ## - GENERAL NOTE | |
| General note | "As published in 1905." |
| General note | Reprint of the original, published: New York : Dodd, Mead & Co., 1904-1905. |
| 505 0# - FORMATTED CONTENTS NOTE | |
| Formatted contents note | pt. 1. Journals of Lewis and Clark, from Musquetoe Creek to Travellers Rest, May 8-July 2, 1806 -- pt. 2. Journals of Lewis and Clark, from Travellers Rest to St. Louis, July 3-September 26, 1806. |
| 700 1# - ADDED ENTRY--PERSONAL NAME | |
| Personal name | Clark, William, |
| Personal name | Thwaites, Reuben Gold, |
| 856 40 - ELECTRONIC LOCATION AND ACCESS | |
| Uniform Resource Identifier | http://site.ebrary.com/lib/rucke/Doc?id=10509370 |
No items available.
